Finančná analýza a finančné prostriedky Európskej únie vo vybranom podniku

Enregistré dans:
Détails bibliographiques
Auteur principal: Pavlisková, Anna
Format: Logiciel Livre
Langue:slovaque
Publié: Bratislava STU FCHPT 2008
Accès en ligne:Voir à l'OPAC
Tags: Ajouter un tag
Pas de tags, Soyez le premier à ajouter un tag!

MARC

LEADER 00000nam a2200000 a 4500
005 20260127133941.0
007 co ugu
008 080908 2008 xo 000 0 slo d
035 |a vtls009331043 
039 9 |y 200809080903  |z mschk03 
040 |a STUSCHK1  |b slo  |c STUSCHK1  |e AACR2 
100 1 |a Pavlisková, Anna  |9 209 
245 1 |a Finančná analýza a finančné prostriedky Európskej únie vo vybranom podniku 
260 |a Bratislava  |b STU FCHPT  |c 2008 
500 |a Obháj.: 11.6. 2008 
500 |a Zameranie: manažérstvo chemických a potravinárskych technológií 
500 |a Kombinácia študijných odborov: 5.2.52 priemyselné inžinierstvo, 5.2.18 chemické technológie 
500 |a diplomová práca na CD-ROMe 
910 |a SCHK95 
999 |c 705  |d 705 
942 0 0 |0 1